Podrobnosti MARC
| 000 -Návěští |
| Řídící pole kódované 24B |
01815nam a2200445 i 4500 |
| 001 - Kontrolní číslo |
| Řídící pole proměnné |
5235994 |
| 003 - Identifikátor kontrolního čísla |
| Řídící pole proměnné |
CZ PrSKC |
| 005 - Datum posledního zpracování |
| Řídící pole 16B |
20260507091654.0 |
| 007 - Pole pevné délky pro fyzický popis |
| Řídící pole kódované |
ta |
| 008 - Údaje pevné délky |
| Řídící pole kódované 40B |
260428s2026 xr a c 000 j cze |
| 020 ## - ISBN |
| ISBN |
9788027150618 |
| Dostupnost |
Kč 279,00 |
| 040 ## - Zdroj katalogizace-agentura |
| Agentura původní katalogizace |
ABG001 |
| Jazyk katalogizace |
cze |
| Použitá pravidla popisu |
rda |
| 072 #7 - Kód předmětové kategorie - Konspekt |
| Předmětová kategorie |
821.162.3-3 |
| Zpřesnění předmětové kategorie |
Česká próza |
| Zdroj předmětové klasifikace |
Konspekt |
| 072 #7 - Kód předmětové kategorie - Konspekt |
| Předmětová kategorie |
821-93 |
| Zpřesnění předmětové kategorie |
Literatura pro děti a mládež (beletrie) |
| Zdroj předmětové klasifikace |
Konspekt |
| 080 ## - MDT |
| Klasifikační znak MDT |
821.162.3-32 |
| Idetifikátor vydání MDT |
MRF |
| 080 ## - MDT |
| Klasifikační znak MDT |
821-93 |
| Idetifikátor vydání MDT |
MRF |
| 080 ## - MDT |
| Klasifikační znak MDT |
(510) |
| Idetifikátor vydání MDT |
MRF |
| 080 ## - MDT |
| Klasifikační znak MDT |
(0:82-322.4) |
| Idetifikátor vydání MDT |
MRF |
| 100 1# - Hlavní záhlaví - osobní jméno autora |
| Osobní jméno |
Válková, Veronika, |
| Datumy související se jménem |
1970- |
| Kód role |
aut |
| 9 (RLIN) |
6786 |
| 245 10 - Údaje o názvu |
| Název |
Čína : |
| Další údaje o názvu |
císařova závěť / |
| Údaj o odpovědností, atd. |
Veronika Válková ; ilustrace Petr Kopl |
| 246 30 - Variantní vázvy |
| Hlavní název/zkrácený název |
Císařova závěť |
| 250 ## - Údaje o vydání |
| Označení vydání |
První vydání |
| 264 #1 - Nakladatelské údaje |
| Místo vydání |
Praha : |
| Nakladatel |
Bambook, |
| Rok vydání |
2026 |
| 300 ## - Fyzický popis |
| Rozsah |
174 stran : |
| další fyzické údaje |
ilustrace ; |
| Rozměry |
20 cm |
| 490 1# - Údaje o edici |
| Údaje o edici |
Kouzelný atlas putování časem |
| 520 2# - Anotace |
| Anotace, atd. |
Volné pokračování dobrodružných výprav zvídavé Báry, která se tentokrát ocitá v Číně během počátku 18. století. |
| Rozšířený text anotace |
Bára se roku 1722 ocitá v Číně uprostřed palácových intrik, kde musí rozluštit řadu záhad - od únosu adepta úřednických zkoušek přes falešnou císařovu závěť až po tajemství přítomnosti jezuitů v Pekingu a podivnou roli pejska Snížka i kočičí bohyně Li-šou. Nakladatelská anotace. |
| 648 #7 - Vedlejší věcné záhlaví - chronologický termín |
| Chronologický termín |
18. století |
| Zdroj záhlaví nebo termínu |
czenas |
| -- |
830 |
| 651 #7 - Vedlejší věcné záhlaví - geografické jméno |
| Geografické jméno |
Čína |
| Zdroj záhlaví nebo termínu |
czenas |
| 651 #9 - Vedlejší věcné záhlaví - geografické jméno |
| Geografické jméno |
China |
| Zdroj záhlaví nebo termínu |
eczenas |
| 655 #7 - Rejstříkový termín - žánr/forma |
| Žánr/forma či základní termín |
české příběhy |
| 655 #7 - Rejstříkový termín - žánr/forma |
| Žánr/forma či základní termín |
detektivní příběhy |
| -- |
1584 |
| 655 #7 - Rejstříkový termín - žánr/forma |
| Žánr/forma či základní termín |
publikace pro děti |
| 655 #9 - Rejstříkový termín - žánr/forma |
| Žánr/forma či základní termín |
Czech stories |
| 655 #9 - Rejstříkový termín - žánr/forma |
| Žánr/forma či základní termín |
detective stories |
| -- |
1586 |
| 655 #9 - Rejstříkový termín - žánr/forma |
| Žánr/forma či základní termín |
children's literature |
| 700 1# - Vedlejší záhlaví - osobní jméno autora |
| Osobní jméno |
Kopl, Petr, |
| Datumy související se jménem |
1976- |
| Kód role |
ill |
| 9 (RLIN) |
6787 |
| 710 2# - Vedlejší záhlaví - jméno korporativního autora |
| Jméno korporace nebo jurisdikce |
Bambook (nakladatelství) |
| Kód role |
pbl |
| 9 (RLIN) |
20743 |
| 910 ## - Údaje o vlastníkovi jednotky (exempláře) |
| Sigla vlastníka jednotky |
ABG508 |